Lecturas intuitivas sobre vegetales útiles : (Record no. 34432)
[ view plain ]
| 000 -CABECERA | |
|---|---|
| campo de control de longitud fija | 00710nam a2200217 a 4500 |
| 003 - IDENTIFICADOR DEL NÚMERO DE CONTROL | |
| campo de control | MX-MxUPN |
| 005 - FECHA Y HORA DE LA ÚLTIMA TRANSACCIÓN | |
| campo de control | 20240808063831.0 |
| 008 - ELEMENTOS DE LONGITUD FIJA--INFORMACIÓN GENERAL | |
| campo de control de longitud fija | 991125s1902 mx a r 000 0 spa d |
| 035 ## - NÚMERO DE CONTROL DEL SISTEMA | |
| Número de control de sistema | UPN01000034432 |
| 040 ## - FUENTE DE LA CATALOGACIÓN | |
| Centro catalogador/agencia de origen | MX-MxUPN |
| Lengua de catalogación | spa |
| Centro/agencia transcriptor | MX-MxUPN |
| 041 0# - CÓDIGO DE IDIOMA | |
| Código de lengua del texto/banda sonora o título independiente | spa |
| 050 14 - SIGNATURA TOPOGRÁFICA DE LA BIBLIOTECA DEL CONGRESO | |
| Número de clasificación | SB323 |
| Número de documento/Ítem | T64 |
| 100 1# - ASIENTO PRINCIPAL--NOMBRE PERSONAL | |
| Nombre de persona | Torres Quintero, Gregorio, |
| Fechas asociadas al nombre | 1866-1934 |
| 9 (RLIN) | 29436 |
| 245 10 - MENCIÓN DE TÍTULO | |
| Título | Lecturas intuitivas sobre vegetales útiles : |
| Resto del título | agricultura e industria |
| 260 ## - PUBLICACIÓN, DISTRIBUCIÓN, ETC. | |
| Lugar de publicación, distribución, etc. | México ; |
| -- | París : |
| Nombre del editor, distribuidor, etc. | Vda. de Ch. Bouret, |
| Fecha de publicación, distribución, etc. | 1902. |
| 300 ## - DESCRIPCIÓN FÍSICA | |
| Extensión | 166 páginas : |
| Otras características físicas | ilustraciones |
| 650 #4 - ASIENTO SECUNDARIO DE MATERIA - TERMINO TEMATICO | |
| Término de materia o nombre geográfico como elemento de entrada | Botánica |
| 9 (RLIN) | 764 |
| 650 #4 - ASIENTO SECUNDARIO DE MATERIA - TERMINO TEMATICO | |
| Término de materia o nombre geográfico como elemento de entrada | Horticultura |
| 9 (RLIN) | 19084 |
| 710 2# - ASIENTO SECUNDARIO - NOMBRE CORPORATIVO | |
| Nombre de entidad corporativa o nombre de jurisdicción como elemento de entrada | Museo Pedagógico Nacional (México) |
| 9 (RLIN) | 51335 |
| Término indicativo de función/relación | propietario anterior |
| 942 ## - ELEMENTOS DE PUNTO DE ACCESO ADICIONAL (KOHA) | |
| Fuente del sistema de clasificación o colocación | Library of Congress Classification |
| Tipo de ítem Koha | Libro |
| Estado de retiro | Estado de pérdida | Fuente del sistema de clasificación o colocación | Estado dañado | No para préstamo | Código de colección | Localización permanente | Ubicación/localización actual | Ubicación en estantería | Fecha de adquisición | Clasificación | Código de barras | Fecha visto por última vez | Número de copia | Tipo de ítem Koha | Nota pública |
|---|---|---|---|---|---|---|---|---|---|---|---|---|---|---|---|
| Library of Congress Classification | Disponible (Previa cita) | Fondo Reservado de libros | Bib. Gregorio Torres Quintero | Bib. Gregorio Torres Quintero | Sala de Fondos Reservados Planta alta | 13/09/2022 | SB323 T64 | 92901 | 31/12/2020 | 1 | Libro | ||||
| Library of Congress Classification | Disponible (Previa cita) | Fondo Reservado de libros | Bib. Gregorio Torres Quintero | Bib. Gregorio Torres Quintero | Sala de Fondos Reservados Planta alta | 13/09/2022 | SB323 T64 | 21607 | 31/12/2020 | 1 | Libro | Ejemplar con sello de la Biblioteca del Museo Pedagógico Nacional |
